000 00630nam a2200229Ia 4500
008 160803s9999 xx 000 0 und d
020 _a9780439273084
100 _aPosada, Mia
245 _aDandelions :
245 _bstars in the grass /
245 _cby Mia Posada.
260 _aNew York :
260 _bScholastic Inc.
260 _c2000
300 _a1 volume (unpaged) :
300 _bcolor illustrations ;
300 _c23 cm
500 _aReprint: Originally published: Minneapolis, MN : Carolrhoda Books, ©2000.
650 _aCommon dandelion --
650 _xJuvenile literature.
700 _a460
999 _c299214
_d299214